000 01130nam a2200313 i 4500
003 EG-GICUC
005 20260427110116.0
008 260427s1909 ua fr|||| 000 0 eng d
040 _aEG-GiCUC
_beng
_cEG-GiCUC
_dEG-GiCUC
_erda
041 0 _aeng
082 0 4 _221
_a343.6
_bPA . R
092 0 4 _221
099 _aLaw1 10 343.6 PA . R 1 ed - 1909
100 1 _a Parsons, Philip A.
_eAuthor.
245 1 0 _a Responsibility for crime :
_n vol. XXXIV,
_b An Investigation Of The Nature And Causes Of Crime And A Means Of Its Prevention/
_cBy Philip A. Parsons.
264 _a New York :
_a London :
_b Columbia University,
_b P. S. King & Son,
_c1909.
300 _a194 pages :
_c24 cm
336 _2rda content
_atext
337 _2rda media
_aComputer
338 _2rda carrier
_aOnline Resource
490 _a Studies in history, economics and public law .
546 _aText in English
650 1 4 _aCriminal law.
_2qrmak
651 1 _2qrmak
710 _a Columbia University,
_b Faculty of Political Science.
856 4 0 _uhttps://fll.law.cu.edu.eg/fulltext/bks/B10-11991.pdf
905 _a171
942 _2ddc
_cBK
_e21
_n0
999 _c73625
_d73625